Southville International School and Colleges
Your cart is empty.
  • Cart
  • Lists
    Public lists Eva Luna New books Lux_list list_1
    Your lists Log in to create your own lists
  • Log in to your account
  • Your cookies
  • Search history
Southville International School and Colleges
  • Advanced search
  • Recent comments
  • Most popular
  • Libraries

Log in to your account

Log in with GOOGLE


If you do not have an external account, but do have a local account, you can still log in:

  1. Home
  2. MARC view: Far from the madding crowd /
Normal view MARC view ISBD view

Far from the madding crowd / (Record no. 7530)

[ view plain ]
MARC details
000 -LEADER
fixed length control field 00527nam a22002057a 4500
003 - CONTROL NUMBER IDENTIFIER
control field OSt
005 - DATE AND TIME OF LATEST TRANSACTION
control field 20140310181935.0
008 - FIXED-LENGTH DATA ELEMENTS--GENERAL INFORMATION
fixed length control field 130723t xxu||||| |||| 00| 0 eng d
050 ## - LIBRARY OF CONGRESS CALL NUMBER
Classification number PR 4745
Item number .H268 1982
082 ## - DEWEY DECIMAL CLASSIFICATION NUMBER
Classification number CLA
Item number H22f 1982
100 ## - MAIN ENTRY--PERSONAL NAME
Personal name Hardy, Thomas
245 ## - TITLE STATEMENT
Title Far from the madding crowd /
Statement of responsibility, etc by Thomas Hardy.
260 ## - PUBLICATION, DISTRIBUTION, ETC. (IMPRINT)
Place of publication, distribution, etc New York :
Name of publisher, distributor, etc Bantam Books,
Date of publication, distribution, etc 1982.
300 ## - PHYSICAL DESCRIPTION
Extent 362 p. ;
Dimensions 18 cm.
541 ## - IMMEDIATE SOURCE OF ACQUISITION NOTE
-- 1
562 ## - COPY AND VERSION IDENTIFICATION NOTE
Number of copies 1
650 ## - SUBJECT ADDED ENTRY--TOPICAL TERM
Topical term or geographic name as entry element Fiction
9 (RLIN) 746
700 ## - ADDED ENTRY--PERSONAL NAME
Personal name Hardy, Thomas
942 ## - ADDED ENTRY ELEMENTS (KOHA)
Source of classification or shelving scheme Library of Congress Classification
Koha item type Books
Call number prefix
Holdings
Withdrawn status Lost status Source of classification or shelving scheme Damaged status Home library Current library Shelving location Date acquired Total Checkouts Full call number Barcode Date last seen Copy number Price effective from Koha item type
    Library of Congress Classification   Luxembourg Library Luxembourg Library Classic Section 07/23/2013   PR 4745 .H268 1982 1992 08/13/2013 1 07/23/2013 Books

Far from the madding crowd /

APA

Hardy T., Hardy T., . (1982). Far from the madding crowd. New York: Bantam Books.

Chicago

Hardy Thomas, Hardy Thomas, . 1982. Far from the madding crowd. New York: Bantam Books.

Harvard

Hardy T., Hardy T., . (1982). Far from the madding crowd. New York: Bantam Books.

MLA

Hardy Thomas, Hardy Thomas, . Far from the madding crowd. New York: Bantam Books. 1982.

  • Place hold
  • Print
  • Cite
  • Add to your cart (remove)
  • Save record
    BIBTEX Dublin Core MARCXML MARC (non-Unicode/MARC-8) MARC (Unicode/UTF-8) MARC (Unicode/UTF-8, Standard) MODS (XML) RIS
  • More searches
    Search for this title in:
    Other Libraries (WorldCat) Other Databases (Google Scholar) Online Stores (Bookfinder.com) Open Library (openlibrary.org)

Exporting to Dublin Core...

SOUTHVILLE LIBRARY

Southville International School and Colleges Library

1281 Tropical Ave. Cor. Luxembourg St., BF Homes International, Las Pinas City

Tel. No. 8256374 / 252358 Loc. 117/146

Powered by Koha